Výrobne elektrickej energie

Bibliographic Details
Main Author: Cimbala, Roman, 1962- (Author)
Format: Software eBook
Language:Slovak
PhysicalDescription:1 elektronický optický disk (CD-ROM) 12 cm
Published: Košice Technická univerzita 2008
ISBN:9788080739973
Subjects:

MARC

LEADER 00000nam a2200000 a 4500
001 vtls009297549
003 SK-MaSNL
005 20260301170823.0
007 co cg mnuua
008 240315s2008 xo l fsp 000 0 slo
015 |a SNBS2008/03-01034 
020 |a 9788080739973  |q (elektronická kniha) 
040 |a SNK  |b slo  |c SNK  |e AACR2 
041 0 |a slo 
044 |a xo  |c SK 
072 7 |a 621.3  |x Elektrotechnika  |2 konspekt 
080 |a 621.31  |2 2001 
080 |a 621.311.2  |2 2001 
080 |a 621.3  |2 2001 
080 |a (0.034.44)  |2 2001 
100 1 |a Cimbala, Roman,  |d 1962-  |4 aut  |9 110453 
245 1 0 |a Výrobne elektrickej energie  |h elektronický zdroj  |c Roman Cimbala 
260 |a Košice  |b Technická univerzita  |c 2008 
300 |a 1 elektronický optický disk (CD-ROM)  |c 12 cm 
500 |a Názov z disku 
516 |a Textový dokument (učebnica kurzu), súbory v rôznych formátoch 
538 |a Technické požiadavky: Microsoft Internet Explorer, Netscape 7.1 
650 0 7 |a elektrotechnika  |2 SNKPH  |9 3619 
650 0 7 |a elektrická energia  |2 SNKPH  |9 67407 
650 0 7 |a elektrárne  |2 SNKPH  |9 26895 
655 7 |a elektronické zdroje  |2 SNKPH  |9 90954 
655 7 |a CD-ROM  |2 SNKPH  |9 70236 
655 7 |a učebnice kurzov  |2 SNKPH  |9 474363 
919 |a 978-80-8073-997-3 
999 |c 828852  |d 830782 
952 |a SNK  |b SNK  |y PREZ  |7 0  |p 17A0589366  |o snkSCDM 1900  |i snk2008/11260  |8 0  |0 0  |1 0  |4 0  |d 2008-05-27  |l 0  |r 2026-02-24 03:29:47  |w 2026-02-24